Time Line français - Statistiques

Statistiques générales
  • Ce quiz a été pris 24 fois
  • Le résultat moyen est 20 sur 43
Statistiques - réponses
Hint Réponse % Correct
Déclaration des droits de l'Homme et du citoyen 1789
92%
Prise de la Bastille et début de la Révolution française 1789
92%
Armistice de la Première Guerre mondiale 1918
92%
De Gaulle organise la résistance depuis Londres 1940
92%
Rafle du Vel d'Hiv 1942
92%
Opération Overlord : débarquement des alliés en Normandie 1944
92%
Droit de vote des femmes 1944
92%
Libération de Paris 1944
92%
Traité de Versailles 1919
77%
Début de la Ve République 1958
69%
Grèves et manifestations en France 1968
69%
Mise en place de l'euro (disparition du franc) 2002
69%
Bataille de Marignan 1515
62%
Promulgation du code civil français 1804
62%
Napoléon 1er devient empereur des Français 1804
62%
Loi de séparation de l'Etat et des Eglises 1905
62%
Loi sur les congés payés 1936
62%
Bataille d'Austerlitz 1805
54%
Promulgation de la loi instaurant le PACS 1999
54%
Création de la banque de France 1800
46%
Fin construction de la Tour Eiffel 1889
46%
Pierre de Coubertin rénove les jeux Olympiques 1894
46%
Ouverture du tunnel sous la Manche 1994
46%
Intervention de la France dans la guerre d'indépendance américaine 1778
38%
Abolition de l'esclavage en France 1848
38%
Commune de Paris 1871
38%
Louis Pasteur découvre le vaccin contre la rage 1885
38%
Premier recueil des Fables de la Fontaine 1668
23%
Louis XIV s'installe à Versailles 1682
23%
Emérgence du cubisme 1907
23%
Mise en place des allocations familiales 1932
23%
Procès et condamnation de Jeanne d'Arc 1431
15%
Massacre de Saint Barthélémy 1572
15%
Mort de Louis XIV 1715
15%
Fin de la guerre des Gaules -50
15%
Début de construction de Notre-Dame de Paris 1163
8%
Mort de Saint Louis 1270
8%
La papauté s'installe à Avignon 1309
8%
Mort de Clovis 511
8%
Début du règne de Charlemagne 768
8%
Siège de Paris par les Vikings 845
8%
Naissance de Molière 1622
0%
Attila, le roi des Huns, envahit la Gaule 451
0%
Aucun quiz correspondant
Distribution des résultats
% des personnes avec chaque résultat
Percentile par nombre de réponses
Votre historique - résultats
Vous n’avez pas pris ce quiz